Activitats físiques per a adults : manual de la dona : surt, mou-te / Sònia Albuixech... [et al.] ; [direcció: Milagros García Bonafé] manual de la dona :
Descripción Física:
180 p. : il. ; 24 cm
MARC
| LEADER | 00000nam a2200000Ia 4500 | ||
|---|---|---|---|
| 001 | 16645 | ||
| 008 | 160829s2003 xx 000 0 cat d | ||
| 080 | |a P-1-50 | ||
| 245 | |a Activitats físiques per a adults : |b manual de la dona : |b surt, mou-te / Sònia Albuixech... [et al.] ; [direcció: |b Milagros García Bonafé] | ||
| 260 | |a [Barcelona] : |b Diputació de Barcelona, Àrea d'Esports, |c 2003 | ||
| 300 | |a 180 p. : |b il. ; |c 24 cm | ||
| 590 | |a Bibliografia p. 160-164. | ||
| 590 | |a Annex | ||
| 650 | |a Educació física per a dones |9 26243 | ||
| 650 | |a Gimnàstica per a dones |9 26244 | ||
| 650 | 0 | |a Dones |x Salut i higiene |9 26245 | |
| 700 | |a Albuixech, Sònia |9 26246 | ||
| 700 | 1 | |a García Bonafé, Milagros |9 26247 | |
| 710 | |a Barcelona (Catalunya : Província). |b Àrea d'Esports |9 53827 | ||
| 901 | |a Arxiu | ||
| 942 | |n 1 | ||
| 952 | |0 0 |1 0 |4 0 |6 P150 |7 1 |9 43931 |a Arxiu |b Arxiu |d 2016-12-01 |l 0 |o P-1-50 |p 16645 |r 2016-12-01 00:00:00 |w 2016-12-01 |y ARXIU | ||
| 999 | |c 46511 |d 46511 | ||